000 00404nam a22001697a 4500
003 NUST - PNEC
005 20170116180839.0
008 150817b xxu||||| |||| 00| 0 eng d
020 _a-
040 _cLIBRARY
082 _a510 GRE
100 _95220
_aGrewal, B.S.
245 _aHigher engineering mathematics
_cB.S. Grewal
250 _a34 Ed
650 _95223
_aMathematics
_xME
942 _2ddc
_cBK
999 _c64334
_d64334